书目信息 |
| 题名: |
石油化工厂设备检修手册
|
|
| 作者: | 麦郁穗 , 钱颂文 , 徐钢 著 | |
| 分册: | 第八分册 换热器 | |
| 出版信息: | 北京 中国石化出版社 2005.02 |
|
| 页数: | 254页 | |
| 开本: | 26cm | |
| 丛书名: | ||
| 单 册: | ||
| 中图分类: | TE682-62 | |
| 科图分类: | ||
| 主题词: | 石油化工厂--shi you hua gong chang--化工设备--检修--手册 , 换热器--huan re qi--检修--手册 | |
| 电子资源: | ||
| ISBN: | 7-80164-645-2 | |
| 000 | 01088nam 2200337 450 | |
| 001 | CAL 012005014354 | |
| 005 | 20050518102349.95 | |
| 010 | @a7-80164-645-2@d50.00CNY | |
| 092 | @aCN@b0001701-278 | |
| 099 | @aCAL 012005014354 | |
| 100 | @a20050301d2005 ekmy0chiy0121 ea | |
| 101 | 0 | @achi |
| 102 | @aCN@b110000 | |
| 105 | @aak a 000yy | |
| 200 | 1 | @a石油化工厂设备检修手册@Ashi you hua gong chang she bei jian xiu shou ce@h第八分册@i换热器@f徐钢等编著@Fxu gang deng bian zhu |
| 210 | @a北京@c中国石化出版社@d2005.02 | |
| 215 | @a254页@c图@d26cm | |
| 304 | @a题名页题其他责任者: 麦郁穗, 钱颂文, 凌长明 | |
| 320 | @a有书目 | |
| 517 | 1 | @a换热器@Ahuan re qi |
| 606 | 0 | @a石油化工厂@Ashi you hua gong chang@x化工设备@x检修@x手册 |
| 606 | 0 | @a换热器@Ahuan re qi@x检修@j手册 |
| 690 | @aTE682-62@v4 | |
| 700 | 0 | @4著 |
| 701 | 0 | @a麦郁穗@Amai yu sui@4著 |
| 701 | 0 | @a钱颂文@Aqian song wen@4著 |
| 701 | 0 | @a徐钢@Axu gang@4著@4编著@a徐钢@Axu gang@4编著 |
| 801 | 0 | @aCN@bTJU@c20050518 |
| 905 | @a10447@dTE682-62@eX712 | |
| 906 | @dCNY50.00@n0@r1 | |
| 998 | @aTJU | |
| 石油化工厂设备检修手册.第八分册.换热器/徐钢等编著.-北京:中国石化出版社,2005.02 |
| 254页:图;26cm |
| ISBN 7-80164-645-2:50.00CNY |
| ● |
| 相关链接 |
|
|
|
正题名:石油化工厂设备检修手册
索取号:TE682-62/X712
 
预约/预借
| 序号 | 登录号 | 条形码 | 馆藏地/架位号 | 状态 | 备注 |
| 1 | 532628 | 205326280 | 期刊室512/501自科库 22排4列3层/ [索取号:TE682-62/X712] | 在馆 | |
| 2 | 532629 | 205326299 | 自科库501/501自科库 22排4列3层/ [索取号:TE682-62/X712] | 在馆 | |
| 3 | 532630 | 205326306 | 自科库501/501自科库 22排4列3层/ [索取号:TE682-62/X712] | 在馆 |